| 000 | 00584cam a2200229 4500 | ||
|---|---|---|---|
| 008 | 090401t2000 xxu||||| |||| 00| 0 eng d | ||
| 020 | _a0421474602 | ||
| 035 | _a(Sirsi) u95572 | ||
| 041 | _aeng | ||
| 100 |
_aMegarry, Robert _cSir |
||
| 245 | 4 | _aThe Law of real property. | |
| 250 | _a6th ed. | ||
| 260 |
_aLondon _bSweet & Maxwell _c2000 |
||
| 300 | _acxlix, 1478p. ; 24cm. | ||
| 350 | _a60.00 | ||
| 520 | _aSuperceded by 7th edition. ISBN: 9780421964105. | ||
| 650 | _aLAW | ||
| 690 | _aPROPERTY | ||
| 700 |
_aWade, William _cSir |
||
| 942 | _n0 | ||
| 948 | _c04/03/1997 | ||
| 999 |
_c98528 _d98528 |
||